000
00318nam a2200133Ia 4500
008
240624s9999 xx 000 0 und d
041
_a
eng
082
_a
823 BIN
100
_a
BINCHY MAEVE
245
_a
RETURN JOURNEY
260
_c
2010
_a
London
_b
Orion Books Ltd.
300
_a
359 : p. : cm. ; 17
365
_c
RS
_b
20
999
_c
15704
_d
15704